000 00353nam a2200145Ia 4500
003 OSt
005 20240219160700.0
008 170523s9999 xx 000 0 und d
020 _a978-0070187757
040 _ciimt university meerut
100 _aMURPHY- HILDEBR
245 0 _aEFFECTIVE BUSINESS COMMUNICATION
260 _bMC GRAW HILL
942 _2ddc
_c02
999 _c511
_d511